Educación cívica 1 /

Guardado en:
Autor Principal: Casullo, Alicia B.
Otros Autores: Sabsay, Daniel Alberto
Formato: Libro
Publicado: Buenos Aires : Santillana, 1996
Materias:
Etiquetas: Agregar Etiqueta
Sin Etiquetas, Sea el primero en etiquetar este registro!
LEADER 00946nam a22002055a 4500
001 CEM.cems016333
005 20110527130117.0
008 130507s1996##################000#0#####d
003 CEMS
020 |a 9504600859 
082 0 4 |a 320 
100 1 |a Casullo, Alicia B. 
245 1 0 |a Educación cívica 1 /  |c Alicia B Casullo y Daniel Alberto Sabsay 
260 |a Buenos Aires :  |b Santillana,  |c 1996 
300 |a 160 p. 
505 0 |a Qué es la educación cívica? - La dignidad humana -- La familia -- El grupo de pares -- La escuela -- La comunidad vecinal -- El municipio -- Aspectos históricos, sociales, políticos y culturales del municipio -- Las provincias, su organización política -- Cada provincia tiene su identidad 
653 |a Educación cívica -1 egb 
700 1 |a Sabsay, Daniel Alberto 
859 |a CEMS  |b BIB. CEMS - Agricultura  |h 320  |i C279-1  |p A17467.93  |t Ej.1  |v 1  |3 1 
859 |a CEMS  |b BIB. CEMS - Agricultura  |h 320  |i C279-1  |p A17468.93  |t Ej.2  |v 1  |3 1